00505nam a22001697a 450000500170000001000140001702000100003103500130004103700130005408200080006710000210007524501090009626000380020527000430024330000220028670000270030820100728130011.0 aENG-97223 c50.00 aEN-80756 bDBAD/PUB a270 aMuhammad, llyas  aDaily life of prophet Muhammad /cby Muhammad llyas bhatkali Nadvi ; translated by Abdul Raheem Quidwai aNew DelhibAL Hasanat Booksc2009 a3004/2, Sir Syed Ahmad roadbNew Delhi a80p.c22cm. (pbk) aQuidwal, Abdul Raheem